Statistiken für Die größten Stromfresser

Klicken Sie hier um das Quiz zu spielen!

Allgemein

  • Dieses Quiz wurde 262 mal gespielt
  • Das Durchschnittsergebnis liegt bei 7 aus 10

Antwortstatistiken

VerbrauchGerät% Korrekt
190 kWhFernseher, Monitor
89%
445 kWhE-Herd
86%
330 kWhKühlschrank
86%
330 kWhBeleuchtung
78%
135 kWhPC, WLAN, Drucker
76%
220 kWhWaschmaschine
76%
600 kWhAlte Heizungspumpe
74%
325 kWhWäschetrockner
59%
415 kWhGefrierschrank
44%
245 kWhGeschirrspüler
41%

Verteilung der Resultate

Perzentil nach korrekt beantworteten Fragen

Anzahl Personen mit jedem Resultat

Ihre Resultats-Entwicklung

Sie haben dieses Quiz noch nicht gespielt